| 000 | nam a22 a 4500 | ||
|---|---|---|---|
| 999 |
_c332009 _d332009 |
||
| 003 | BLK | ||
| 005 | 20220609114153.0 | ||
| 008 | 190703b bu ||||| |||| 00| 0 bu d | ||
| 020 | _a978-619-716-304-9 | ||
| 040 | _aBLK | ||
| 041 |
_aBUL _cBUL |
||
| 080 |
_aИздания за деца и юноши. Книжки-картинки. Читанки. Вж и 372.4 _b087.5 _z087.5 |
||
| 100 |
_aЛивинстън, Колийн _eпърви автор _91299 |
||
| 139 |
_aливинстън, колийн _bЛ 54 |
||
| 245 |
_aНой _bКнига-игра _cКолийн Ливинстън |
||
| 260 |
_9219989 _aСофия _bСердика _c2015 |
||
| 300 |
_a100 с. _bс ил. _c17 см |
||
| 380 | _aDN | ||
| 700 |
_9599 _aКара, Ирена _eил. |
||
| 942 |
_2udc _cKNG _n0 _02 |
||